| 000 | 01408nam a22003255a 4500 | ||
|---|---|---|---|
| 003 | EG-ScBUE | ||
| 005 | 20221026110729.0 | ||
| 008 | 171226s2006 ua o f 000 0aara d | ||
| 017 | _a2006 / 3263 | ||
| 020 | _a9773058573 | ||
| 040 |
_aEG-ScBUE _bara _erda _cEG-ScBUE _dEG-ScBUE |
||
| 043 | _af-ua--- | ||
| 082 | 0 | 4 |
_a759.962 _bب ي ك _222 |
| 100 | 1 |
_aبيكار، حسين، _d2002-1913، _eمؤلف. |
|
| 245 | 1 | 0 |
_aبيكار / _cالإعداد والسيرة الذاتية فوزية الأشعل ؛ الإشراف العام الفنان مصطفى حسين. |
| 250 | _aالطبعة الأولى. | ||
| 264 | 1 |
_aالقاهرة : _bوزارة الثقافة، العلاقات الثقافية الخارجية، الإدارة العامة للإعلام الخارجي، _c2006. |
|
| 300 |
_a366 صفحة : _bصور ؛ _c30 سم. |
||
| 490 | 0 | _aسلسلة كتب بريزم للفن | |
| 600 | 1 | 7 |
_aبيكار، حسين، _d2002-1913 _vيوميات. _2BUEsh |
| 650 | 7 |
_aالرسامون المصريون _vتراجم. _2BUEsh |
|
| 650 | 7 |
_aالفنون التشكيلية _zمصر _vتراجم. _2BUEsh |
|
| 650 | 7 |
_aالفنانون التشكيليون _zمصر _vتراجم. _2BUEsh |
|
| 651 | _2BUEsh | ||
| 653 |
_bCOMAME _cDecember2017 |
||
| 655 | _vReading book | ||
| 700 | 1 |
_aأشعل، فوزية، _eمعدة. |
|
| 700 | 1 |
_aحسين، مصطفى، _eمشرف عام. |
|
| 942 | _2ddc | ||
| 999 |
_c25806 _d25778 |
||